[Event "Cup Russia (open)"]
[Site "masterchessopen.com Moscow (Russia)"]
[Round "1"]
[White "Getmanchuk Andrei V (RUS)"]
[Black "Kasimdzhanov Rustam (UZB)"]
[Result "0-1"]
[WhiteElo "2135"]
[BlackElo "2435"]

1.d4 Nf6 2.c4 e6 3.Nc3 Bb4 4.Qc2 d5 5.cxd5 Qxd5 6.a3 Bxc3+ 7.bxc3 O-O 8.Nf3 c5
9.e3 b6 10.c4 Qc6 11.Bb2 Bb7 12.Bd3 cxd4 13.exd4 Nbd7 14.O-O Rac8 15.Rac1 Rfd8
16.Rfd1 Nf8 17.Qb1 Ng6 18.d5 exd5 19.cxd5 Qd6 20.Rxc8 Rxc8 21.Bxg6 hxg6
22.Bxf6 gxf6 23.h4 Rc5 24.h5 gxh5 25.Qf5 Rxd5 26.Rxd5 Qxd5 27.Qxf6 Qd1+ 28.Kh2
Bxf3 29.gxf3 Qd5 30.f4 Kf8 31.f5 Ke8 32.Qh8+ Ke7 33.Qxh5 {#R} 0-1

[Event "Ch St. Petersburg"]
[Site "masterchessopen.com St. Petersburg (Russia)"]
[Round "1"]
[White "Ivanov Sergey_ (RUS)"]
[Black "Nepomnishay Mikhail I (RUS)"]
[Result "0-1"]
[WhiteElo "2515"]
[BlackElo "2480"]

1.d4 Nf6 2.c4 e6 3.Nc3 Bb4 4.Qc2 d5 5.cxd5 Qxd5 6.Nf3 Qf5 7.Qd1 c5 8.e3 cxd4
9.exd4 Ne4 10.Bd2 Nxd2 11.Qxd2 O-O 12.Bd3 Qa5 13.O-O Nc6 14.Rfe1 Bd7 15.a3
Bxc3 16.bxc3 Rac8 17.Rab1 Nd8 18.Re3 f6 19.Qc2 Qh5 20.Nd2 h6 21.Ne4 b6 22.Ng3
Qa5 23.c4 Nf7 24.Qe2 e5 25.Nh5 exd4 26.Rg3 Ng5 27.h4 Rce8 28.Qd1 Re5 29.f4
Nh3+ 30.gxh3 Rxh5 31.Bg6 Rxh4 32.Qxd4 Bf5 33.Kg2 Bxg6 34.Rxg6 Qf5 35.Qd5+
Qxd5+ 36.cxd5 Rxf4 37.Rd1 Rd8 38.Rg3 Re4 39.Rc3 Re7 40.Kf3 Kf7 41.Kf4 Rdd7
42.a4 Re5 43.Rcd3 Rd6 {#R} 0-1

[Event "It"]
[Site "masterchessopen.com Toulouse (France)"]
[Round "7"]
[White "Flear Glenn C (ENG)"]
[Black "Lepelletier Benoit (FRA)"]
[Result "1-0"]
[WhiteElo "2435"]
[BlackElo "2460"]

1.d4 Nf6 2.c4 e6 3.Nc3 Bb4 4.Qc2 d5 5.cxd5 Qxd5 6.Nf3 Qf5 7.Qxf5 exf5 8.a3 Bd6
9.Nb5 Be6 10.e3 Nbd7 11.Bd2 Ke7 12.Bd3 g6 13.O-O Rhc8 14.Rfc1 a6 15.Nxd6 cxd6
16.Ng5 Bb3 17.f3 Nb6 18.e4 fxe4 19.fxe4 Nc4 20.Bc3 h6 21.Nh3 a5 22.Nf4 Nb6
23.e5 Nfd5 24.Bd2 g5 25.Nxd5+ Nxd5 26.Rxc8 Rxc8 27.exd6+ Kxd6 28.Bxa5 Nf4
29.Be4 Bd5 30.Bb4+ Ke6 31.Bxd5+ Kxd5 32.Rd1 Rc2 33.Rd2 Rc1+ 34.Kf2 Ke4 35.Bf8
h5 36.Bh6 h4 37.Bxg5 Rh1 38.Bxf4 Kxf4 39.d5 Rxh2 {#r} 1-0

[Event "Ch Bayern (seniors) (open)"]
[Site "masterchessopen.com Schney (Germany)"]
[Round "6"]
[White "Nefzger Franz"]
[Black "Grueneschild Hildegard (GER)"]
[Result "1-0"]
[WhiteElo "1654"]
[BlackElo "1634"]

1.c4 Nf6 2.Nc3 e6 3.d4 Bb4 4.Qc2 d5 5.cxd5 Nxd5 6.Bd2 Nxc3 7.Bxc3 Bxc3+ 8.Qxc3
O-O 9.Nf3 Nc6 10.e3 a6 11.Bd3 Bd7 12.O-O Rb8 13.Rac1 b5 14.b4 Rb6 15.a3 Qe7
16.Rfd1 Rc8 17.Qc5 Qf6 18.Bb1 g6 19.h3 h6 20.Ne5 Be8 21.Ng4 Qg5 22.Qxg5 hxg5
23.Nf6+ Kg7 24.Nxe8+ Rxe8 25.Be4 Nb8 26.Rxc7 Rd6 27.Rdc1 Red8 28.g3 Kf6 29.Bf3
Nd7 30.Kg2 Nb8 31.Rb7 R6d7 32.Rxd7 Nxd7 33.Rc6 Nb8 34.Rb6 Ke7 35.Rb7+ Kf6
36.Rc7 Kg7 37.Bb7 Kf8 38.Kf3 Kg7 39.Ke4 Kf6 40.Kd3 e5 41.d5 Rd6 42.e4 Kg7
43.Bc6 Nxc6 44.Rxc6 Rf6 45.Ke3 {#r} 1-0

[Event "It \"]
[Site "masterchessopen.com Budapest (Hungary)"]
[Round "11"]
[White "Hoang Thanh Trang (HUN)"]
[Black "Roos Jean-Luc (FRA)"]
[Result "1-0"]
[WhiteElo "2350"]
[BlackElo "2310"]

1.d4 e6 2.c4 Nf6 3.Nc3 Bb4 4.Qc2 d5 5.cxd5 Qxd5 6.Nf3 Qf5 7.Qb3 c5 8.a3 Ba5
9.Qc4 Bd7 10.dxc5 Bxc3+ 11.Qxc3 Na6 12.b4 Ba4 13.e3 Nc7 14.Bd3 Qg4 15.O-O
O-O-O 16.Nd4 Rd5 17.Be2 Qg6 18.Bf3 e5 19.Ne2 e4 20.Nf4 Qh6 21.Be2 Rf5 22.Rb1
g5 23.Bg4 Bd7 24.Bxf5 Bxf5 25.Bb2 gxf4 26.Qxf6 Qxf6 27.Bxf6 Rg8 28.Rfd1 f3
29.g3 Be6 30.Rbc1 Nd5 31.Be5 a6 32.Rd4 f5 33.a4 h5 34.b5 a5 35.c6 b6 36.c7 Re8
37.Rc6 Bg8 38.Bf4 Kb7 39.Rg6 Bf7 40.Rg7 Be6 41.c8=Q+ Kxc8 42.Rc4+ Kd8 43.Bg5+
Ne7 44.Rd4+ Bd7 45.h4 {#r} 1-0

[Event "Moravian League 1996/97 (1st)"]
[Site "masterchessopen.com Czech Republic"]
[Round "6"]
[White "Bazant Petr (CZE)"]
[Black "Blatny Frantisek (CZE)"]
[Result "1-0"]
[WhiteElo "2360"]
[BlackElo "2305"]

1.d4 Nf6 2.c4 e6 3.Nc3 Bb4 4.Qc2 d5 5.cxd5 Nxd5 6.e4 Nb6 7.Nf3 O-O 8.Bd3 Nc6
9.a3 Be7 10.Ne2 g6 11.h4 f6 12.Bh6 Rf7 13.e5 f5 14.Bb5 Bd7 15.Bd3 Nd5 16.Bc4
Nb6 17.Ba2 Qc8 18.Nf4 Nd8 19.h5 gxh5 20.Rxh5 c5 21.dxc5 Qxc5 22.Qxc5 Bxc5
23.Bg5 Be7 24.Bxe7 Rxe7 25.Rxf5 Rc8 26.Nh5 Nf7 27.Rf4 Nh6 28.Ng5 Rc5 29.Re4
Nd5 30.Bxd5 exd5 31.Nf6+ Kh8 32.Nxd7 Rxd7 33.Rh4 Re7 34.e6 Nf5 35.Rf4 d4
36.Kd2 h6 37.Rh1 Kg7 38.Ne4 Rb5 39.Rg4+ Kf8 40.b4 Rxe6 41.Nc5 Rd6 42.Rf4 b6
43.Ne4 Rdd5 44.g4 a5 45.Rh5 axb4 46.axb4 Rxb4 47.Rhxf5+ Rxf5 48.Rxf5+ Kg7
49.Kd3 {#r} 1-0

[Event "It (open) \"]
[Site "masterchessopen.com Mariehamn (Sweden)"]
[Round "1"]
[White "Schandorff Lars (DEN)"]
[Black "Hellstrom Ake (SWE)"]
[Result "1-0"]
[WhiteElo "2505"]
[BlackElo "2110"]

1.d4 Nf6 2.c4 e6 3.Nc3 Bb4 4.Qc2 d5 5.cxd5 Qxd5 6.Nf3 Qf5 7.Qb3 c5 8.a3 Ba5
9.Qc4 Nbd7 10.b4 cxb4 11.axb4 Bb6 12.e3 O-O 13.Bd3 Qh5 14.O-O g5 15.h3 g4
16.hxg4 Nxg4 17.Ne2 Ndf6 18.e4 Ne8 19.Nf4 Qh6 20.e5 Qg7 21.Nh5 Qh8 22.Ng5 Nxe5
23.dxe5 Qxe5 24.Bf4 Qd4 25.Bxh7+ Kh8 26.Qe2 f6 27.Bg6 {#r} 1-0

[Event "Ch World (juniors) (under 20)"]
[Site "masterchessopen.com Zagan (Poland)"]
[Round "8"]
[White "Karner Christoph (AUT)"]
[Black "Schneider Stefan (SWE)"]
[Result "0-1"]
[WhiteElo "2155"]
[BlackElo "2305"]

1.d4 Nf6 2.c4 e6 3.Nc3 Bb4 4.Qc2 d5 5.cxd5 Qxd5 6.Nf3 Qf5 7.Qb3 c5 8.dxc5 Nc6
9.e3 Ne4 10.Bd2 Nxd2 11.Nxd2 O-O 12.Be2 Qxc5 13.Nde4 Qd5 14.Qc2 f5 15.O-O Qa5
16.Nd2 Bxc3 17.bxc3 e5 18.Bc4+ Kh8 19.Rab1 Qc7 20.Rfd1 Bd7 21.Nf3 e4 22.Ng5
Ne5 23.Bd5 Rab8 24.Qe2 Ng4 25.f4 h6 26.Nf7+ Kh7 27.h3 Nf6 28.Bb3 Be8 29.Nd6
Bh5 30.g4 fxg4 31.Qc2 gxh3 32.Rd4 Rbd8 33.Qd2 Bf3 34.Bd1 Ng4 35.Bxf3 exf3
36.Qd3+ Kh8 37.Qg6 f2+ 38.Kh1 Rxd6 39.Qxg4 Rxd4 40.cxd4 Qc4 41.Qxh3 Qe2 42.Rf1
Re8 43.Kg2 Rxe3 44.Qc8+ Re8 45.Qd7 Re6 46.Qf7 Qg4+ {#R} 0-1

[Event "Ch Slovakia (juniors) (under 12)"]
[Site "masterchessopen.com Zilina (Slovakia)"]
[Round "0"]
[White "Markos Jan (SVK)"]
[Black "Macak Stefan (SVK)"]
[Result "1-0"]
[WhiteElo "2596"]
[BlackElo "2368"]

1.d4 Nf6 2.c4 e6 3.Nc3 Bb4 4.Qc2 d5 5.cxd5 Nxd5 6.e4 Nxc3 7.bxc3 Qxd4 8.Bd2
Qf6 9.Nf3 Bc5 10.Bg5 Qg6 11.Bd3 f6 12.e5 f5 13.g4 Qf7 14.gxf5 exf5 15.Rg1 Rf8
16.Rd1 Qe6 17.Qe2 Qb6 18.Bb5+ Kf7 19.Nd4 Bxd4 20.cxd4 a6 21.Bc4+ Ke8 22.e6 Qd6
23.Rg3 Nc6 24.e7 Rh8 25.Re3 Qxh2 26.Rg3 Qh1+ 27.Kd2 Qe4 28.Re3 Qxd4+ 29.Ke1
Qxd1+ 30.Qxd1 Bd7 31.Rd3 Ne5 32.Rxd7 Nxd7 33.Be6 {#r} 1-0

[Event "Ch Cyprus"]
[Site "masterchessopen.com Cyprus"]
[Round "0"]
[White "Savva Panikos (CYP)"]
[Black "Melas Renos (CYP)"]
[Result "1-0"]
[WhiteElo "2067"]
[BlackElo "2115"]

1.d4 Nf6 2.c4 e6 3.Nc3 Bb4 4.Qc2 d5 5.cxd5 Qxd5 6.Nf3 Qf5 7.Qxf5 exf5 8.e3 Ne4
9.Bd2 Nxd2 10.Nxd2 c6 11.a3 Be7 12.Be2 Be6 13.Bf3 Bf6 14.O-O O-O 15.Rac1 Rd8
16.Ne2 Bd5 17.Rc2 Bxf3 18.Nxf3 Na6 19.Nf4 Nc7 20.Nd3 Ne6 21.g3 g6 22.Rfc1 Rd5
23.Nc5 Nxc5 24.Rxc5 Rad8 25.h4 Kf8 26.b4 a6 27.Kf1 Be7 28.R5c4 Rb5 29.Ne5 a5
30.Nd3 axb4 31.axb4 Ra8 32.Nc5 Ke8 33.Ke2 Ra2+ 34.Kf3 Rb2 35.Ra1 R5xb4 36.Ra8+
Bd8 37.Rxb4 Rxb4 38.Rb8 b6 39.Nb7 Kd7 40.Nxd8 {#r} 1-0

[Event "It (open)"]
[Site "masterchessopen.com Hlohovec (Slovakia)"]
[Round "9"]
[White "Kalousek Vladimir (CZE)"]
[Black "Krupik Jozef"]
[Result "0-1"]
[WhiteElo "2051"]
[BlackElo "1912"]

1.d4 Nf6 2.c4 e6 3.Nc3 Bb4 4.Qc2 d5 5.cxd5 Nxd5 6.Nf3 Nd7 7.e4 Nxc3 8.bxc3 Ba5
9.Ba3 Nf6 10.Bd3 b6 11.O-O Bb7 12.Rfe1 Nd7 13.Rad1 Qf6 14.e5 Qf4 15.Be4 Bxe4
16.Rxe4 Qf5 17.Nh4 Qh5 18.Qd3 O-O-O 19.Nf3 Qf5 20.Nh4 Qh5 21.Nf3 Qf5 22.Qa6+
Kb8 23.Re2 g5 24.c4 Ka8 25.d5 Nb8 26.Qb5 a6 27.Qa4 exd5 28.cxd5 Rhe8 29.Qc4 b5
30.Qd4 g4 31.Nh4 Qg5 32.g3 Nc6 33.Qf4 Rxe5 34.Rxe5 Qxe5 35.Qxg4 Rxd5 36.Rxd5
Qxd5 37.Qg8+ Kb7 38.Qxh7 Qxa2 39.Bc5 Qd5 40.Be3 Bc3 41.Qc2 b4 42.Nf5 Ne5 43.h4
Nf3+ 44.Kf1 Qb5+ 45.Qe2 Nh2+ {#R} 0-1

[Event "It (open)"]
[Site "masterchessopen.com Klatovy (Czech Republic)"]
[Round "0"]
[White "Slajs Vlastimil (CZE)"]
[Black "Bechyne Jaroslav (CZE)"]
[Result "1-0"]
[WhiteElo "1953"]
[BlackElo "2075"]

1.d4 Nf6 2.c4 e6 3.Nc3 Bb4 4.Qc2 d5 5.cxd5 Nxd5 6.e4 Nf6 7.Nf3 Nc6 8.a3 Be7
9.Bb5 Bd7 10.O-O O-O 11.Bd3 h6 12.Qe2 Kh8 13.Bf4 Re8 14.Qd2 Bf8 15.Bc2 Ng8
16.Rad1 f6 17.Qd3 g5 18.Bg3 Bg7 19.d5 Ne5 20.Nxe5 fxe5 21.dxe6 Bxe6 22.Qb5 Qc8
23.Bxe5 Nf6 24.Bxf6 Bxf6 25.e5 Bg7 26.Qd3 Kg8 27.Qh7+ Kf8 28.f4 g4 29.Nd5 Bg8
30.Qe4 c6 31.Ne3 Bf7 32.Rd6 Qc7 33.Nxg4 Qxd6 34.exd6 Rxe4 35.Bxe4 Bxb2 36.Nxh6
Rd8 37.Rb1 Bd4+ 38.Kf1 b6 39.Nf5 c5 40.g4 Be6 41.Nxd4 cxd4 42.f5 Bc4+ 43.Kf2
Rxd6 44.Rc1 b5 45.g5 Ra6 46.Rd1 Rxa3 47.Rxd4 Rh3 48.f6 Rxh2+ 49.Kg3 {#r} 1-0

[Event "It (open) (b)"]
[Site "masterchessopen.com Koszalin (Poland)"]
[Round "7"]
[White "Sakalauskas Vaidas (LTU)"]
[Black "Ostrowski Leszek (POL)"]
[Result "1-0"]
[WhiteElo "2410"]
[BlackElo "2340"]

1.d4 e6 2.c4 Bb4+ 3.Nc3 Nf6 4.Qc2 d5 5.cxd5 Qxd5 6.e3 c5 7.Bd2 Bxc3 8.Bxc3
cxd4 9.Bxd4 Nc6 10.Bc3 e5 11.Nf3 Bg4 12.Be2 O-O 13.O-O h6 14.b3 Rac8 15.Qb2
Rfe8 16.Rac1 Qe6 17.Rfd1 Ne4 18.Be1 Ng5 19.Nxg5 hxg5 20.f3 Bh5 21.g4 Bg6
22.Bg3 Qe7 23.Bc4 Rcd8 24.Bb5 Rxd1+ 25.Rxd1 Qc5 26.Bxc6 Qxc6 27.e4 f6 28.Qd2
Rc8 29.Bf2 a6 30.Be3 Bf7 31.Kf2 Be6 32.Qb4 Kf7 33.Kg3 Rh8 34.Rd6 Qc2 35.Qxb7+
Kg6 36.Rd2 Qb1 37.Kg2 Qe1 38.Qb6 Qh4 39.Qxe6 Qxh2+ 40.Kf1 Qh1+ 41.Ke2 Rh2+
42.Bf2 Qc1 43.Qd7 Qc5 44.Qe8+ {#r} 1-0

[Event "It (open)"]
[Site "masterchessopen.com Passau (Germany)"]
[Round "1"]
[White "Pollmueller Michael"]
[Black "Krenn Dan Philipp"]
[Result "1-0"]
[WhiteElo "2042"]
[BlackElo "1527"]

1.d4 Nf6 2.c4 e6 3.Nc3 Bb4 4.Qc2 d5 5.cxd5 Qxd5 6.Nf3 Nc6 7.a3 Bxc3+ 8.bxc3
Qe4 9.Qb2 h6 10.e3 b6 11.Nd2 Qh4 12.g3 Qh5 13.Be2 Qd5 14.Bf3 Qd7 15.O-O Bb7
16.Nb3 Na5 17.Bxb7 Nxb7 18.Qe2 Qa4 19.Qf3 Qxb3 20.Qc6+ Ke7 21.Qxc7+ Nd7
22.Qxb7 Rhb8 23.Qf3 Qxc3 24.Rb1 Rc8 25.Bb2 Qc6 26.Qg4 Rg8 27.Rfc1 Qb7 28.a4
Nf6 29.Ba3+ Ke8 30.Qe2 Qd7 31.Rc4 Rc8 32.Rxc8+ Qxc8 33.Rc1 Qb7 34.Qb5+ Nd7
35.Qb4 Nf6 {#r} 1-0

[Event "It (open)"]
[Site "masterchessopen.com Hoogeveen (Netherlands)"]
[Round "4"]
[White "Gofshtein Zvulon (ISR)"]
[Black "Brodsky Michail (UKR)"]
[Result "1-0"]
[WhiteElo "2507"]
[BlackElo "2512"]

1.d4 Nf6 2.c4 e6 3.Nc3 Bb4 4.Qc2 d5 5.cxd5 Qxd5 6.Nf3 Qf5 7.Qb3 Nc6 8.a3 Ba5
9.e3 a6 10.Qc4 e5 11.d5 e4 12.dxc6 exf3 13.b4 Bb6 14.gxf3 O-O 15.Rg1 bxc6
16.Bb2 Qc2 17.Na4 Qxc4 18.Bxc4 Ne8 19.Ke2 Kh8 20.Rad1 Bf5 21.e4 Bg6 22.Bb3 a5
23.Rc1 axb4 24.axb4 Rb8 25.Nxb6 Rxb6 26.Bd4 Ra6 27.Ra1 Rxa1 28.Rxa1 Nd6 29.Ra6
f6 30.Rxc6 Bf7 31.Bxf7 Rxf7 32.Bc5 Nb5 33.Kd3 Rd7+ 34.Kc4 Na3+ 35.Kb3 Nb5
36.Ra6 h5 37.Kc4 c6 38.Rxc6 Na3+ 39.Kc3 Nb5+ 40.Kc4 Na3+ 41.Kb3 Rd3+ 42.Ka4
Nc4 43.b5 Rxf3 44.Bd4 {#r} 1-0

[Event "It (open)"]
[Site "masterchessopen.com Schwabisch Gmund (Germany)"]
[Round "7"]
[White "Lomineishvili Maia (GEO)"]
[Black "Timmermans Ivo (NED)"]
[Result "1-0"]
[WhiteElo "2387"]
[BlackElo "2213"]

1.d4 Nf6 2.c4 e6 3.Nc3 Bb4 4.Qc2 d5 5.cxd5 Qxd5 6.Nf3 c5 7.a3 Bxc3+ 8.bxc3 Nc6
9.e3 Bd7 10.c4 Qh5 11.Be2 O-O 12.O-O Rfd8 13.Rb1 b6 14.Ne5 Qh4 15.Nxd7 Nxd7
16.d5 Nce5 17.f4 Ng4 18.h3 Ngf6 19.e4 e5 20.Rb3 Ne8 21.Bg4 Nd6 22.Bxd7 Rxd7
23.fxe5 Nxe4 24.Rf4 Qe1+ 25.Kh2 {#r} 1-0

[Event "It (open)"]
[Site "masterchessopen.com Zurich (Switzerland)"]
[Round "1"]
[White "Regez Markus (SUI)"]
[Black "Ekstroem Roland (SUI)"]
[Result "0-1"]
[WhiteElo "2143"]
[BlackElo "2501"]

1.d4 Nf6 2.c4 e6 3.Nc3 Bb4 4.Qc2 d5 5.cxd5 Qxd5 6.Nf3 Qf5 7.Qxf5 exf5 8.a3 Bd6
9.Nb5 Be6 10.Nxd6+ cxd6 11.Bf4 Ke7 12.Rc1 Nbd7 13.g3 Rhc8 14.Bg2 Rxc1+ 15.Bxc1
Rc8 16.O-O Nb6 17.Ng5 Bd5 18.f3 h6 19.Nh3 Rc2 20.Re1 Na4 21.e4 Bc4 22.exf5+
Kd7 23.b4 Nc3 24.Nf4 Ra2 25.h4 Nb5 26.Be3 Nxa3 27.Rc1 Nc2 28.Bf2 b5 29.g4 Nxb4
30.g5 hxg5 31.hxg5 Nfd5 32.Nxd5 Nxd5 33.Bg3 a5 34.Bh3 f6 35.Re1 Re2 {#R} 0-1

[Event "Ch DLM (team)"]
[Site "masterchessopen.com Bad Homburg (Germany)"]
[Round "6"]
[White "Rau Hannes (GER)"]
[Black "Wehner Roland (GER)"]
[Result "1-0"]
[WhiteElo "2224"]
[BlackElo "2266"]

1.d4 Nf6 2.c4 e6 3.Nc3 Bb4 4.Qc2 d5 5.cxd5 Qxd5 6.e3 c5 7.Bd2 Bxc3 8.Bxc3 Nc6
9.dxc5 Qxc5 10.Rc1 O-O 11.b4 Qe7 12.a3 a6 13.Nf3 Bd7 14.Be2 Rac8 15.Qb2 Na7
16.Bd4 Rxc1+ 17.Qxc1 Rc8 18.Qb2 Nb5 19.Bc5 Qd8 20.a4 Nc7 21.Qb3 Ncd5 22.O-O
Qe8 23.Ra1 a5 24.Ne5 b6 25.Bd4 axb4 26.Nxd7 Qxd7 27.Ba6 Rc7 28.Be5 Rc5 29.Bd4
Rc7 30.f3 Qc6 31.e4 Nc3 32.Qxb4 Ra7 33.Bf1 Rc7 34.Qxb6 {#r} 1-0

[Event "Ch Spain"]
[Site "masterchessopen.com Barcelona (Spain)"]
[Round "3"]
[White "Herraiz Hidalgo Herminio (ESP)"]
[Black "Alonso Alonso Ivan (ESP)"]
[Result "1-0"]
[WhiteElo "2415"]
[BlackElo "2199"]

1.d4 Nf6 2.c4 e6 3.Nc3 Bb4 4.Qc2 d5 5.cxd5 Qxd5 6.Nf3 Qf5 7.Qd1 O-O 8.e3 Ne4
9.Bd2 Nxd2 10.Qxd2 b6 11.Ne5 Ba6 12.g4 Bxc3 13.bxc3 Qg5 14.Bg2 c6 15.c4 Qe7
16.Rc1 Bb7 17.c5 b5 18.O-O f6 19.Nd3 a5 20.f4 Rd8 21.Nf2 Na6 22.Ne4 Nc7
23.Rfd1 Ne8 24.Nc3 f5 25.Bf3 Rac8 26.e4 b4 27.Na4 fxe4 28.Bxe4 Nf6 29.Qe2 Re8
30.Nb6 Rcd8 31.Nc4 Nd5 32.Bxd5 exd5 33.Ne5 Qf6 34.f5 Ra8 35.Qf2 Bc8 36.h4 Ra7
37.Rf1 h6 38.Qg3 a4 39.g5 hxg5 40.hxg5 Qe7 41.f6 {#r} 1-0

[Event "It (a)"]
[Site "masterchessopen.com Budapest (Hungary)"]
[Round "7"]
[White "Eriksson Johan (SWE)"]
[Black "Bar Roman (ISR)"]
[Result "0-1"]
[WhiteElo "2369"]
[BlackElo "2354"]

1.d4 Nf6 2.c4 e6 3.Nc3 Bb4 4.Qc2 d5 5.cxd5 Qxd5 6.e3 c5 7.Bd2 Bxc3 8.Bxc3 cxd4
9.Bxd4 Nc6 10.Bc3 Qc5 11.O-O-O Bd7 12.a3 Rc8 13.Nf3 e5 14.Ng5 h6 15.Ne4 Nxe4
16.Qxe4 Be6 17.f4 f5 18.Qf3 O-O 19.fxe5 b5 20.Rd6 b4 21.axb4 Nxb4 22.Rxe6 Na2+
23.Kd1 Nxc3+ 24.bxc3 Qxc3 25.Qd5 Rc5 26.Qa2 Qc1+ 27.Ke2 Rc2+ 28.Qxc2 Qxc2+
29.Ke1 Qb1+ {#R} 0-1

[Event "It (open) \"]
[Site "masterchessopen.com Copenhagen (Denmark)"]
[Round "9"]
[White "Palo Davor (DEN)"]
[Black "Matthiesen Martin (DEN)"]
[Result "1-0"]
[WhiteElo "2213"]
[BlackElo "2300"]

1.d4 Nf6 2.c4 e6 3.Nc3 Bb4 4.Qc2 d5 5.cxd5 Qxd5 6.Nf3 Qf5 7.Qxf5 exf5 8.Bd2 c6
9.a3 Be7 10.g3 h6 11.Bg2 Be6 12.O-O Nbd7 13.b4 Nd5 14.Na4 O-O-O 15.Rfc1 Kb8
16.Nc5 Nxc5 17.bxc5 Bf6 18.Rab1 Nc7 19.Bf4 Kc8 20.Bxc7 Kxc7 21.e3 g6 22.Rb2
Rb8 23.Nd2 Rhd8 24.a4 h5 25.a5 Be7 26.Rcb1 Bd7 27.Nc4 f6 28.h4 Be6 29.Na3 Bd7
30.Nc2 Be8 31.Nb4 Bf8 32.Rc2 a6 33.Bf1 Bf7 34.Rcb2 Be7 35.Bxa6 g5 36.Bxb7 {#r}
1-0

[Event "Extra League 1999/00"]
[Site "masterchessopen.com Czech Republic"]
[Round "7"]
[White "Neuman Petr (CZE)"]
[Black "Vojtek Vladimir (SVK)"]
[Result "0-1"]
[WhiteElo "2330"]
[BlackElo "2283"]

1.d4 Nf6 2.c4 e6 3.Nc3 Bb4 4.Qc2 d5 5.cxd5 Qxd5 6.Nf3 Qf5 7.Qxf5 exf5 8.Bd2 c6
9.a3 Bd6 10.e3 Nbd7 11.Bd3 Nb6 12.Ne5 O-O 13.Nc4 Nxc4 14.Bxc4 Be6 15.Bxe6 fxe6
16.O-O Rad8 17.Rfd1 Rd7 18.g3 Rfd8 19.Be1 Kf7 20.Kf1 a6 21.Ke2 g5 22.h3 h5
23.f3 Bb8 24.Bf2 g4 25.hxg4 hxg4 26.f4 Ba7 27.Rac1 b5 28.Na2 c5 29.dxc5 Rxd1
30.Rxd1 Rxd1 31.Kxd1 Ne4 32.Be1 Bxc5 33.Ke2 Ke7 34.Nc3 Nd6 35.Bd2 Kd7 36.Kd3
Kc6 37.Na2 Nc4 38.Bc1 a5 39.a4 Nd6 40.axb5+ Kxb5 41.Bd2 Ka4 42.Nc3+ Kb3 43.Ne2
Bb4 44.Nd4+ Kxb2 45.Bxb4 axb4 46.Nxe6 b3 47.Nd4 Ka2 {#R} 0-1

[Event "It (cat.7)"]
[Site "masterchessopen.com Helsinki (Finland)"]
[Round "6"]
[White "Yrjola Jouni (FIN)"]
[Black "Norri Joose (FIN)"]
[Result "1-0"]
[WhiteElo "2442"]
[BlackElo "2408"]

1.d4 Nf6 2.c4 e6 3.Nc3 Bb4 4.Qc2 d5 5.cxd5 Qxd5 6.e3 c5 7.Bd2 Bxc3 8.Bxc3 cxd4
9.Bxd4 Nc6 10.Bc3 e5 11.Nf3 Bg4 12.Be2 e4 13.Nd4 Rc8 14.Rd1 Qh5 15.h3 Nxd4
16.Rxd4 Bxe2 17.Qxe2 Qf5 18.O-O O-O 19.Rfd1 Rc6 20.Rd8 h5 21.Rxf8+ Kxf8
22.Rd8+ Ke7 23.Qd1 Qb5 24.Qd4 a6 25.Rb8 Rc4 26.Qd8+ Ke6 27.Qh8 Qd7 28.Qxg7
Qd1+ 29.Kh2 Qd6+ 30.Qg3 Qxg3+ 31.Kxg3 Nd5 32.Bd4 b5 33.Rh8 f5 34.Rh6+ Ke7
35.Rxh5 f4+ 36.Kh2 Nb4 37.Re5+ Kd7 38.Rxe4 fxe3 39.fxe3 Nxa2 40.h4 {#r} 1-0

[Event "Ch Hungary (team) 2000/01"]
[Site "masterchessopen.com Hungary"]
[Round "3"]
[White "Varga Peter (HUN)"]
[Black "Palkovi Jozsef (HUN)"]
[Result "1-0"]
[WhiteElo "2465"]
[BlackElo "2474"]

1.d4 Nf6 2.c4 e6 3.Nc3 Bb4 4.Qc2 d5 5.cxd5 Qxd5 6.Nf3 c5 7.Bd2 Bxc3 8.Bxc3 Nc6
9.dxc5 e5 10.e3 Bg4 11.b4 O-O 12.Rd1 Qe6 13.Rd6 Qe7 14.Ng5 Rfd8 15.Bc4 Rxd6
16.cxd6 Qxd6 17.Nxf7 Qe7 18.Nxe5+ Be6 19.Nxc6 bxc6 20.Bxe6+ Qxe6 21.Bxf6 Qxf6
22.O-O {#r} 1-0

[Event "It (open)"]
[Site "masterchessopen.com Madrid (Spain)"]
[Round "4"]
[White "Martinez Cano German (ESP)"]
[Black "Montiel Miguelez Manuel (ESP)"]
[Result "1-0"]
[WhiteElo "2062"]
[BlackElo "1940"]

1.d4 Nf6 2.c4 e6 3.Nc3 Bb4 4.Qc2 d5 5.cxd5 Nxd5 6.e4 Nxc3 7.bxc3 Be7 8.Nf3 b6
9.Bd3 c5 10.Be3 h6 11.O-O Bb7 12.Rad1 Qc7 13.Qe2 Nd7 14.Nd2 O-O 15.e5 Rfd8
16.Qg4 Nxe5 17.dxe5 Rxd3 18.Nc4 Rxd1 19.Rxd1 g5 20.h4 Kh7 21.Qh5 Kg7 22.hxg5
hxg5 23.Bxg5 Rh8 24.Bf6+ Bxf6 25.exf6+ Kg8 26.Qg5+ {#r} 1-0

[Event "It (cat.10)"]
[Site "masterchessopen.com Pavlograd (Ukraine)"]
[Round "0"]
[White "Zubov Alexander (UKR)"]
[Black "Kupreichik Viktor D (BLR)"]
[Result "1-0"]
[WhiteElo "2439"]
[BlackElo "2472"]

1.d4 Nf6 2.c4 e6 3.Nc3 Bb4 4.Qc2 d5 5.cxd5 Qxd5 6.Nf3 Qf5 7.Qb3 c5 8.a3 Ba5
9.e3 Nc6 10.Be2 O-O 11.O-O cxd4 12.exd4 Bc7 13.Be3 b6 14.Nh4 Qa5 15.Qc4 Bd7
16.b4 b5 17.Qxc6 Bxc6 18.bxa5 a6 19.Rfc1 Bxa5 20.Ra2 {#r} 1-0

[Event "It (open)"]
[Site "masterchessopen.com Saint Vincent (Italy)"]
[Round "7"]
[White "Flear Glenn C (ENG)"]
[Black "Richter Michael (GER)"]
[Result "0-1"]
[WhiteElo "2480"]
[BlackElo "2358"]

1.d4 e6 2.c4 Nf6 3.Nc3 Bb4 4.Qc2 d5 5.cxd5 Qxd5 6.Nf3 Qf5 7.Qxf5 exf5 8.Bf4
Be6 9.a3 Bd6 10.Bxd6 cxd6 11.e3 Kd7 12.Bd3 g6 13.Ke2 Nc6 14.Rhd1 Nd5 15.Rac1
Rhc8 16.Ng5 Nxc3+ 17.Rxc3 h6 18.Nxe6 fxe6 19.g4 d5 20.gxf5 gxf5 21.Rg1 Rg8
22.Rcc1 a6 23.Kf3 Kd6 24.Rg3 Rg5 25.Rcg1 Rag8 26.h4 Rxg3+ 27.Rxg3 Ne7 28.Rxg8
Nxg8 29.Bc2 Ne7 30.Kf4 Nc6 31.b4 Ke7 32.Ba4 b5 33.Bd1 Kf6 34.Bf3 Nd8 35.Bh5
Nb7 36.Be8 Ke7 37.Bc6 Nd8 38.Ba8 Kd6 39.f3 Kc7 40.e4 fxe4 41.fxe4 Kb8 42.Bxd5
exd5 43.exd5 Kc7 44.Kf5 Kd6 45.Kg6 Kxd5 46.Kxh6 Ne6 47.Kg6 Kxd4 48.Kf5 Kd5
49.Kf6 Nf4 50.Kf5 Ne2 {#R} 0-1

[Event "Ch Georgia (juniors) (under 20) (g)"]
[Site "masterchessopen.com Tbilisi (Georgia)"]
[Round "0"]
[White "Maisuradze Nino (FRA)"]
[Black "Matnadze Ana (GEO)"]
[Result "0-1"]
[WhiteElo "2105"]
[BlackElo "2282"]

1.d4 Nf6 2.c4 e6 3.Nc3 Bb4 4.Qc2 d5 5.cxd5 Qxd5 6.e3 c5 7.a3 cxd4 8.axb4 dxc3
9.bxc3 O-O 10.Nf3 b5 11.c4 bxc4 12.Bxc4 Qc6 13.b5 Qc7 14.Bb2 Nbd7 15.Qe2 Bb7
16.Rc1 Rac8 17.O-O Qb8 18.Rfd1 Rfd8 19.Bd4 Ng4 20.h3 Bxf3 21.Qxf3 Qh2+ 22.Kf1
Nge5 {#R} 0-1

[Event "It (open)"]
[Site "masterchessopen.com Zalakaros (Hungary)"]
[Round "2"]
[White "Sinkovics Peter (HUN)"]
[Black "Papp Zsolt (HUN)"]
[Result "1-0"]
[WhiteElo "2336"]
[BlackElo "2179"]

1.d4 Nf6 2.c4 e6 3.Nc3 Bb4 4.Qc2 d5 5.cxd5 Qxd5 6.Nf3 Qf5 7.Qxf5 exf5 8.Bd2 c6
9.e3 Be6 10.Ng5 Nbd7 11.Bd3 h6 12.Nxe6 fxe6 13.O-O-O O-O-O 14.Ne2 Bd6 15.f3
Nb6 16.Rhe1 Rhe8 17.h3 h5 18.Kb1 Kb8 19.Nc1 Nfd5 20.e4 Nb4 21.Bf1 c5 22.Bg5
Rc8 23.Bb5 Nc6 24.exf5 Bg3 25.Re4 exf5 26.Rxe8 Rxe8 27.dxc5 Nc8 28.Bxc6 bxc6
29.Rd7 g6 30.Rg7 Re6 31.Nd3 a6 32.a3 {#r} 1-0

[Event "Ch World (juniors) (under 20) (g)"]
[Site "masterchessopen.com Athens (Greece)"]
[Round "1"]
[White "Xu Yuanyuan (CHN)"]
[Black "Zigangirova Sofya (KAZ)"]
[Result "1-0"]
[WhiteElo "2409"]
[BlackElo "2189"]

1.d4 Nf6 2.c4 e6 3.Nc3 Bb4 4.Qc2 d5 5.cxd5 Qxd5 6.Nf3 Qf5 7.Qb3 c5 8.a3 Ba5
9.e3 O-O 10.Be2 cxd4 11.exd4 Nc6 12.O-O e5 13.Be3 exd4 14.Nxd4 Nxd4 15.Bxd4
Ne4 16.Nd5 Qd7 17.Rfd1 Rd8 18.Be3 Bd2 19.Bxd2 Qxd5 20.Be3 Qa5 21.Qa4 Rxd1+
22.Rxd1 {#r} 1-0